Manual de integración latinoamericana

Պահպանված է:
Մատենագիտական մանրամասներ
Համատեղ հեղինակ: Comisión Interamericana de Mujeres (Հեղինակ)
Ձևաչափ: Գիրք
Լեզու:իսպաներեն
Հրապարակվել է: Washington, D.C OEA 1970
Խորագրեր:
Ցուցիչներ: Ավելացրեք ցուցիչ
Չկան պիտակներ, Եղեք առաջինը, ով նշում է այս գրառումը!

MARC

LEADER 00000nam a2200000 a 4500
001 UCT8947
003 CL-VaPUC
008 970326e19700000US |||||||||||||||||spa|d
082 0 4 |a 337.1  |b COM  |2 21 
110 2 |a Comisión Interamericana de Mujeres  |e author  |9 381240 
245 1 0 |a Manual de integración latinoamericana 
300 |a 88 p 
942 |c BK 
945 |d 19970326 00:00:00  |a lriquelm 
260 |a Washington, D.C  |b OEA  |c 1970 
600 0 7 |a ALALC  |2 CL-VaPUC  |9 381241 
600 0 7 |a MCCA  |2 CL-VaPUC  |9 381242 
600 0 7 |a CARIFTA  |2 CL-VaPUC  |9 381243 
650 0 |a Integración económica  |9 255024 
650 0 |a COOPERACION ECONOMICA  |9 307939 
650 0 |a Integración regional  |9 376371 
650 0 |a Acuerdos económicos  |9 348030 
650 7 |a RELACIONES ECONOMICAS INTERNACIONALES  |2 CL-VaPUC  |9 315315 
651 0 |a América Latina   |9 255027 
583 |a last modification  |c 19970326 00:00:00  |k Rodrigo Vera 
999 |c 257419  |d 257417 
952 |0 0  |1 0  |4 0  |6 337_100000000000000_COM_1970  |7 0  |8 A  |9 280868  |a BIBDER  |b BIBDER  |d 2019-11-19  |i 1816705  |o 337.1 COM 1970  |p 1816705  |r 2023-01-25  |w 2019-11-19  |y BK  |k DER